书目信息 |
| 题名: |
择居兴业
|
|
| 作者: | 余世麟 主编 | |
| 分册: | ||
| 出版信息: | 北京 中国建材工业出版社 2005.05 |
|
| 页数: | 174页 | |
| 开本: | 24cm | |
| 丛书名: | ||
| 单 册: | ||
| 中图分类: | TU241 , TU767 | |
| 科图分类: | ||
| 主题词: | 住宅--室内装饰 , 住宅--室内装修 | |
| 电子资源: | ||
| ISBN: | 7-80159-841-5 | |
| 000 | 00756nam0 2200241 450 | |
| 001 | 010257241718 | |
| 005 | 20050713090849.18 | |
| 010 | @a7-80159-841-5@dCNY22.00 | |
| 100 | @a20050519d2005 km y0chiy0120 ea | |
| 101 | 0 | @achi |
| 102 | @aCN@b110000 | |
| 105 | @aa z 000yy | |
| 200 | 1 | @a择居兴业@Aze ju xing ye@f余世麟主编@Fyu shi lin zhu bian |
| 210 | @a北京@c中国建材工业出版社@d2005.05 | |
| 215 | @a174页@c图@d24cm | |
| 330 | @a本书根据中国古代传统的风水理论,结合现代的房屋建造、装修知识,介绍了购房选址、内部装修及家居装饰中的相关知识。 | |
| 606 | 0 | @a住宅@x室内装饰 |
| 606 | 0 | @a住宅@x室内装修 |
| 690 | @aTU241@v4 | |
| 690 | @aTU767@v4 | |
| 701 | 0 | @a余世麟@Ayu shi lin@4主编 |
| 801 | 0 | @aCN@bQSSK@c20050713 |
| 905 | @a10447@dTU767@eY766 | |
| 择居兴业/余世麟主编.-北京:中国建材工业出版社,2005.05 |
| 174页:图;24cm |
| ISBN 7-80159-841-5:CNY22.00 |
| 本书根据中国古代传统的风水理论,结合现代的房屋建造、装修知识,介绍了购房选址、内部装修及家居装饰中的相关知识。 |
| ● |
| 相关链接 |
|
|
|
正题名:择居兴业
索取号:TU767/Y766
 
预约/预借
| 序号 | 登录号 | 条形码 | 馆藏地/架位号 | 状态 | 备注 |
| 1 | 524335 | 205243351 | 建筑库201/201建筑库 46排6列1层/ [索取号:TU767/Y766] | 在馆 | |
| 2 | 524336 | 205243360 | 建筑库201/ [索取号:TU767/Y766] | 在馆 | |
| 3 | 524337 | 205243379 | 建筑库201/201建筑库 46排6列1层/ [索取号:TU767/Y766] | 在馆 |